000 01096nam a22001697a 4500
020 _a9786177074587
041 _ager
080 _a80
090 _bHES
100 _aGabyn Grübhaber, Oliver Hesslmann, Angela Kilimann
245 _aPasswort Deutsch. Зошит для вправ 2
260 _aКиїв
_bМетодика
_c2014
300 _a212
520 _aКурс складається з трьох частин і дає змогу опанувати базовий рівень німецької мови та підготуватися до іспиту на сертифікат з німецької мови (Zertsfikat Deutsch) відповідно до Загальноєвропейских рекомендацій з мовної освіти. У "Password Deutsch" запропоновано багато вправ з різним ступенем складності, різноманітні тексти для читання та грунтовно дібраний додатковий матеріал.
_0Deutsch, Passwort
650 _aGerman
999 _c285689
_d285689
942 _cBK